000 00265nam a2200109Ia 4500
008 200302s9999 xx 000 0 und d
100 _aAuthor
245 _aArchitecture Of Kris Yao / Artech
260 _bImages Publishing, Austraila
260 _c2011
300 _a587
999 _c4560
_d4560